Responses for Show #2334 - Thursday, October 27, 1994

Bill Pitassy game 4.

Contestants

[<< previous game]

Mike Simon, a graduate student originally from Parma, Ohio

Laurel Stevens, a poet from La Habra, California

Bill Pitassy, a labor attorney from Cranford, New Jersey (whose 3-day cash winnings total $41,402)

[next game >>]

Jeopardy! Round responses

ANCIENT TIMES
TELEVISION
OCCUPATIONS
COLORFUL GEOGRAPHY
MONTHS
NUMBER, PLEASE
    $100 1
Beirut

Laurel
    $100 15
(Mike: What is howdy?)

howdy do

BillMike
    $100 11
steward

Bill
    $100 6
Orange County

Bill
    $100 21
September

Bill
    $100 26
1,000

Bill
    $200 2
(Bill: What is the sun?)

moon

BillLaurel
    $200 16
Lou Grant

Bill
    $200 12
taxidermist

Bill
    $200 7
Red Sea

Bill
    $200 22
May

Mike
    $200 27
13

Bill
    $300 3
The Odyssey

Laurel
    $300 17
Lassie

Mike
    $600 13
(Bill: What is an occulist?)
(Alex: Nope, the occulist is a synonym for opthamologist; that's the doctor. The optometrist will test you and the [*] is the one who provides you with these.) [Alex lifted his glasses by the stems.]

optician

Bill
    $300 8
Greenland

Laurel
    $300 23
(Mike: What is July?)

June

LaurelMike
    $300 28
180

Bill
    $400 4
beer

Bill
    $400 19
Playhouse 90

Bill
    $400 14
(Alex: Welcome to the game.)

midwife

Mike
    $400 9
Blue Ridge Mountains

Bill
    $400 24
April (Avril)

Triple Stumper
    $400 29
144

Bill
    $500 5
Indus River valley

Triple Stumper
    $500 20
Ted Baxter

Laurel
    $500 18
actuary

Bill
    $500 10
(Laurel: What is Amarillo?)

Brownsville

Laurel
Triple Stumper
    $500 25
July

Laurel
    $500 30
14

Mike

Scores at the first commercial break (after clue 14):

Bill Laurel Mike
$600 $400 $400

Scores at the end of the Jeopardy! Round:

Bill Laurel Mike
$2,900 $1,700 $1,000

Double Jeopardy! Round responses

WORLD HISTORY
COLLEGES & UNIVERSITIES
MUSIC APPRECIATION
LANGUAGES
WOMEN AUTHORS
ALL THE MARBLES
    $200 2
Australia

Mike
    $200 1
Michigan State

Bill
    $200 8
noel

Bill
    $200 16
Lisbon

Mike
    $200 21
Laura Ingalls (Wilder)

Bill
    $200 18
white

Laurel
    $400 4
Francois Duvalier

Bill
    $400 3
Virgin Islands

Bill
    $400 9
serpent

Bill
    $400 22
New Guinea

Bill
    $400 26
Margaret Truman

Laurel
    $400 30
Leaning Tower of Pisa

Bill
    $600 5
(Laurel: What is Gaul?)
(Alex: Gaul was another word for France.)

Normandy (or Brittany)

BillLaurel
    $600 12
Dartmouth

Laurel
    $600 10
fortissimo

Triple Stumper
    $600 23
Guam

Mike
    $600 27
Dorothy Parker

Laurel
    $2,500 17
David

Mike
    $800 6
(Sir Alexander) Mackenzie

Mike
    $800 13
Citadel

Bill
    $800 11
treble clef

Mike
    $800 24
Italy

Bill
    $800 28
Barbara Tuchman

Bill
    $800 19
Venus de Milo

Laurel
    $1000 7
Hanseatic League

Bill
    $1000 14
Brown

Bill
    $1000 15
Concertgebouw

Bill
    $2,000 25
[It was at the uncovering of this clue that Alex confirmed Bill's incorrect response in ALL THE MARBLES $1,000 because he added a syllable on the king's name.]

Argentina

Bill
    $1000 29
(Edith) Wharton

Mike
    $1000 20
(Bill: What is the Tomb of King Mausoleus?)
(Bill's response was ruled wrong, but Alex said Bill may be right and they would check on it.)

Mausoleum at Halicarnassus

Bill
Triple Stumper

Scores at the end of the Double Jeopardy! Round:

Bill Laurel Mike
$12,500 $3,700 $7,100

[wagering suggestions for these scores]

Final Jeopardy! Round responses

1994
LaurelWho are Arafat and Rabin?
$3,300
MikeWho are Arafat and Rabin?
$6,900
BillWho is King Hussein &
$1,800
Rabin and King Hussein

Final scores:

Bill Laurel Mike
$10,700 $400 $200
4-day champion: $52,102 2nd place: TWA trip to Honolulu, Hawaii at Outrigger Hotels Hawaii 3rd place: JVC EZ1 camcorder

Game dynamics:

Coryat scores:

Bill Laurel Mike
$12,100 $3,700 $5,200
31 R
(including 1 DD),
3 W
(including 1 DD)
12 R,
2 W
11 R
(including 1 DD),
2 W

Combined Coryat: $21,000

[game clues] [game scores] [suggest correction]

Game tape date: 1994-08-30
The J! Archive is created by fans, for fans. Scraping, republication, monetization, and malicious use prohibited; this site may use cookies and collect identifying information. See terms. The Jeopardy! game show and all elements thereof, including but not limited to copyright and trademark thereto, are the property of Jeopardy Productions, Inc. and are protected under law. This website is not affiliated with, sponsored by, or operated by Jeopardy Productions, Inc. Join the discussion at JBoard.tv.